000 00593nam a2200229Ia 4500
003 OSt
005 20221007075936.0
006 a|||||r|||| 00| 0
007 ta
008 221006b |||||||| |||| 00| 0 eng d
024 _a12,272
037 _cTextual
040 _aFLL
_cFLL
_beng
041 _2eng
_aeng
082 _aV2:51.N7, L7
100 _aNarasimhan V.K.
245 0 _aDemocracy redeemed
260 _aNew Delhi
_bS.Chand & Company Ltd India
_c1977
300 _a154p
_ccm.
942 _hV2:51.N7, L7
_cTEXL
_2CC
999 _c1157897
_d1157897